000 00714nam a2200241Ia 4500
003 GCL
008 140319s9999 xx 000 0 ara d
040 _aGCL /
_cGCL
082 0 4 _a640
_bه ك
100 1 _aدينا اليوسف
245 1 0 _aكيف تحافظين على جمالك /
_cدينا اليوسف
700 1 _aهالة عمر
260 _a[S.N] :
_bدار الراتب الجامعية
490 _aعالم المرأه
_v0
650 0 4 _aالاقتصاد المنزلى
650 0 4 _aشغل الابرة
650 0 4 _aالاغذية
650 0 4 _aالتعليم النسوى
650 0 4 _aالحلوى
650 0 4 _aتجميل المرأه
650 0 4 _aالطهى
942 _2ddc
_cBK
999 _c36090
_d36090